Statistics for On This Day (January 11th) Multiple Choice

Click here to take the quiz!

General Stats

  • This quiz has been taken 15 times
    (7 since last reset)
  • The average score is 7 of 16

Answer Stats

QuestionAnswer% Correct
2020 - The first Covid-19 death occurs in which city?Wuhan
100%
1892 - Which painter marries Teha'amana, a 13-year-old Tahitian girl ?Paul Gauguin
83%
1879 – The Anglo-Zulu War begins in what is now which modern day country ?South Africa
83%
1935 – Amelia Earhart becomes the first person to fly solo from Hawaii to which other state ?California
67%
1759 – In Philadelphia, Pennsylvania, the first American company selling what is incorporated ?Life Insurance
67%
1971 – Mary J. Blige, American singer-songwriter, producer, and actress is born in which US city ?New York
67%
1994 – The Irish Government announces the end of a 15-year broadcasting ban on what ?IRA and Sinn Fein Political Broadcasts
50%
2008 – Sir Edmund Hillary, mountaineer, explorer, and first person to conquer Everest dies in which New Zealand city ?Auckland
33%
January 11th is a National day of what in Germany ?German Apples Day
33%
1693 - Which volcano erupts with estimated 7.4 magnitude, killing around 60,000 people ?Mt. Etna
33%
1569 - The first recorded lottery in England is drawn in which London building ?St. Pauls Cathedral
33%
1986 – The Gateway Bridge is officially opened in which Australian city ?Brisbane
17%
1864 - Which major railway station opens in London on this day ?Charing Cross
17%
1962 – An avalanche in which South American country causes around 4,000 deaths ?Peru
17%
532 - A quarrel between supporters of different chariot teams—the Blues and the Greens—in the Hippodrome escalates into violence in which city ?Constantinople
0%
2007 - Author J. K. Rowling finishes the 7th and last Harry Potter novel in Room 552 of which Edinburgh hotel ?The Balmoral Hotel
0%

Score Distribution

Percentile by Number Answered

Percent of People with Each Score

Your Score History

You have not taken this quiz since the last reset